Pixelated Disney Characters - Statistics

General Stats
  • This quiz has been taken 63 times
  • The average score is 18 of 20
Answer Stats
Picture Answer % Correct
Aladdin
100%
Cinderella
100%
Donald Duck
100%
Simba
100%
Ariel
98%
Lilo
98%
Pinocchio
98%
Scar
98%
Dumbo
96%
Olaf
96%
Winnie the Pooh
96%
Robin Hood
94%
Tinker Bell
94%
Alice
90%
Maleficent
85%
Tiana
85%
Lady
83%
Hades
81%
Evil Queen
79%
Bernard
44%
No matching quizzes found
Score Distribution
Percent of People with Each Score
Percentile by Number Answered
Your Score History
You have not taken this quiz